| 000 | 01347nam a2200241 u 4500 | ||
|---|---|---|---|
| 001 | 000354344 | ||
| 003 | AM-YeHGA | ||
| 005 | 20250618072218.0 | ||
| 008 | 040723s1978 ai r 000 0 arm d | ||
| 040 | _aAM-YeHGA | ||
| 041 | 0 | _aarm | |
| 245 | 0 | 0 |
_aՀավերժ Ռուսիայի հետ : _b1828-1978 : (Մեթոդ. նյութերի ժող.) / _cՀՍՍՀ կուլտ. մին-թյուն. Ալ. Մյասնիկյանի անվ. հանրապետ. գրադ. Գրադարանագիտ. գիտամեթոդ. բաժին; Խմբ.՝ Ա.Ս. Օհանյան; Կազմ.՝ Ռ.Ա. Ղազարյան, Վ.Ա. Պապյան. |
| 260 |
_aԵրևան : _bԱ. հ, _c1978. |
||
| 300 |
_a240 էջ : _bքարտեզ ; _c19 սմ. |
||
| 546 | _aՏեքստը հայ. և ռուս. լեզվ. | ||
| 650 | 1 | 4 |
_aԳրադարանային գործ _vՄեթոդական նյութեր |
| 653 | 0 | _aՌուս և հայ ժողովուրդների բարեկամություն | |
| 700 | 1 |
_aՕհանյան, Ավետիք Սուրենի, _d1918-1988 _eխմբ. _4edt _93256 |
|
| 700 | 1 |
_aՂազարյան, Ռ.Ա. _eկազմ. _4com |
|
| 710 | 2 | _aՀՍՍՀ Կուլտուրայի մինիստրության | |
| 710 | 2 |
_aԱլ. Մյասնիկյանի անվան հանրապետական գրադարան _bԳրադարանագիտության գիտա-մեթոդական բաժին |
|
| 090 | _c137166 | ||
| 999 |
_c135796 _d135796 |
||